000 003740000a22001810004500
005 20120302053406.0
942 _cBOOK
100 _a Deutscher,Isaac
245 _a Stalin
260 _aEngland:Penguin Book,1965
300 _a645p
040 _aENG
365 _bRs.
650 _aPolitics
650 _aStalin
650 _aBiography
650 _aBiography-Stalin
999 _c342742
_d342739